000 01582nam a2200433 c 4500
001 24461
003 ES-MaCES
005 20141221122917.0
008 120524s2011 sp d t o000 | spa d
017 _aAS 01205-2011
_bDL
020 _a9788469528525
035 _aCES20120003553m
040 _aES-MaCES
_bspa
_cES-MaCES
100 1 _aGarcía Torres, Alba
_913087
245 1 0 _aOrdenación del tiempo de trabajo, igualdad y corresponsabilidad en las Administraciones Autonómicas
_cAlba García Torres
260 _aOviedo
_bConsejo Económico y Social del Principado de Asturias
_c2011
300 _a126 p.
_c24 cm
490 1 _aColección de estudios
_v15
504 _aBibliografía: p. 113-119
541 _cGratuito
650 4 _agobierno regional
_929907
650 4 _afunción pública
_927225
650 4 _amujeres
_928657
650 4 _atrabajadora
_928413
650 4 _aordenamiento del tiempo de trabajo
_929205
650 4 _aigualdad de oportunidades en el empleo
_930649
650 4 _aresponsabilidades familiares
_930598
650 4 _acondiciones de trabajo
_928327
650 4 _anegociación colectiva
_928362
650 4 _apermiso
_928357
650 4 _alicencia familiar
_930681
650 4 _aEspaña
_926964
653 1 0 _aRelaciones laborales-Empleo
710 2 _aConsejo Económico y Social del Principado de Asturias
_eed.
_92445
830 0 _aColección de estudios (Consejo Económico y Social del Principado de Asturias)
_v15
_934020
902 _aLIB Libro
942 _2CES
_cBK
_h2.0.
999 _c24461
_d24461